[Event "Rubinstein Memorial op-D 57th"]
[Site "Polanica Zdroj"]
[Date "2021.08.21"]
[Round "8"]
[White "Maliszewski, Jacek"]
[Black "Wilgosz, Jan"]
[Result "1/2-1/2"]
[WhiteElo "1762"]
[BlackElo "1532"]
[PlyCount "30"]
[EventDate "2021.08.14"]
[EventType "swiss"]
[EventRounds "9"]
[EventCountry "POL"]
[SourceTitle "CBM 204 Extra"]
[Source "ChessBase"]
[SourceDate "2021.11.30"]
[SourceVersion "1"]
[SourceVersionDate "2021.11.30"]
[SourceQuality "1"]

1. d4 Nf6 2. Nf3 g6 3. c3 Bg7 4. Nbd2 0-0 5. e4 d6 6. Bc4 Nc6 7. d5 Na5 8. Bd3 e6 9. dxe6 Bxe6 10. Nd4 Bd7 11. 0-0 Re8 12. f3 Nh5 13. Nc4 Nc6 14. Ne2 Be6 15. Nf4 Nxf4 1/2-1/2

[Event "Rubinstein Memorial op-D 57th"]
[Site "Polanica Zdroj"]
[Date "2021.08.15"]
[Round "2"]
[White "Maliszewski, Jacek"]
[Black "Stefaniuk, Zbigniew"]
[Result "1-0"]
[WhiteElo "1762"]
[BlackElo "1506"]
[PlyCount "129"]
[EventDate "2021.08.14"]
[EventType "swiss"]
[EventRounds "9"]
[EventCountry "POL"]
[SourceTitle "CBM 204 Extra"]
[Source "ChessBase"]
[SourceDate "2021.11.30"]
[SourceVersion "1"]
[SourceVersionDate "2021.11.30"]
[SourceQuality "1"]

1. d4 Nf6 2. Nf3 d5 3. c3 Bf5 4. Nh4 Bc8 5. e3 e6 6. Nf3 c5 7. Bd3 Nc6 8. Nbd2 Be7 9. 0-0 0-0 10. Re1 b6 11. dxc5 bxc5 12. e4 Qc7 13. Qe2 h6 14. e5 Nd7 15. Nf1 f5 16. exf6 Nxf6 17. c4 Bd6 18. Ng3 Ng4 19. Nf1 Nge5 20. Nxe5 Nxe5 21. b3 Nxd3 22. Qxd3 Be5 23. Rb1 Qf7 24. Bxh6 Qxf2+ 25. Kh1 Bd4 26. Be3 Bxe3 27. Rxe3 d4 28. Rh3 Qf5 29. Re1 Bb7 30. Qxf5 Rxf5 31. Kg1 Raf8 32. Ng3 Rf2 33. Re2 Bxg2 34. Rxf2 Bxh3 35. Rxf8+ Kxf8 36. Ne4 d3 37. Kf2 Bg4 38. Ke3 Bf5 39. Nxc5 Ke7 40. Nxd3 Kd6 41. b4 e5 42. h4 Be6 43. Nb2 Bf7 44. a3 Bg8 45. Kf3 Be6 46. Ke3 Bg8 47. Kd3 Bf7 48. c5+ Kd5 49. Nd1 Bg6+ 50. Kc3 Ke4 51. c6 Kf3 52. c7 Bf5 53. Kc4 e4 54. Kd4 Bc8 55. Ne3 Kf4 56. a4 Kf3 57. b5 Kf4 58. a5 a6 59. b6 Kf3 60. Nc4 Kf4 61. Ne3 Kf3 62. Nd5 Bb7 63. Kc5 Kf2 64. Kd6 Bc8 65. Kc6 1-0

[Event "Rubinstein Memorial op-D 57th"]
[Site "Polanica Zdroj"]
[Date "2021.08.14"]
[Round "1"]
[White "Kawulski Chodkiewicz, Alexander"]
[Black "Maliszewski, Jacek"]
[Result "0-1"]
[WhiteElo "1445"]
[BlackElo "1762"]
[PlyCount "50"]
[EventDate "2021.08.14"]
[EventType "swiss"]
[EventRounds "9"]
[EventCountry "POL"]
[SourceTitle "CBM 204 Extra"]
[Source "ChessBase"]
[SourceDate "2021.11.30"]
[SourceVersion "1"]
[SourceVersionDate "2021.11.30"]
[SourceQuality "1"]

1. e4 c5 2. Nf3 e6 3. d4 cxd4 4. Nxd4 Nf6 5. Bd3 a6 6. 0-0 b5 7. Nc3 Bb7 8. a3 Nc6 9. Nxc6 Bxc6 10. e5 Nd5 11. Ne4 Qc7 12. f4 Be7 13. h4 f5 14. Ng5 g6 15. g4 Bxg5 16. hxg5 Qb6+ 17. Kh2 h6 18. Kg3 Ne3 19. Qe2 Nxf1+ 20. Qxf1 hxg5 21. fxg5 Rh1 22. Qe2 Qg1+ 23. Kf4 Qd4+ 24. Kg3 Rg1+ 25. Kh2 Rg2+ 0-1

[Event "Police Gniota Memorial 31st"]
[Site "Police"]
[Date "2016.07.12"]
[Round "7"]
[White "Maliszewski, Jacek"]
[Black "Maruszczak, Joanna"]
[Result "1-0"]
[WhiteElo "1773"]
[BlackElo "1965"]
[PlyCount "81"]
[EventDate "2016.07.06"]
[EventType "swiss"]
[EventRounds "9"]
[EventCountry "POL"]
[SourceTitle "EXT 2017"]
[Source "ChessBase"]
[SourceDate "2016.10.25"]
[SourceVersion "1"]
[SourceVersionDate "2016.10.25"]
[SourceQuality "1"]

1. c4 c5 2. Nc3 Nc6 3. Nf3 g6 4. d4 cxd4 5. Nxd4 Bg7 6. Nc2 Nf6 7. e4 d6 8. Be2 0-0 9. Bg5 Be6 10. Qd2 Qa5 11. a3 Rfc8 12. 0-0 Qd8 13. Rad1 Qf8 14. b3 Nd7 15. f4 Nc5 16. Rb1 Bxc3 17. Qxc3 Nxe4 18. Qe3 Nxg5 19. fxg5 Qg7 20. Rf4 Bf5 21. Bd3 Bxd3 22. Qxd3 Rab8 23. Rbf1 Rf8 24. Ne3 Qe5 25. h4 b5 26. Ng4 Qc5+ 27. Kh1 Ne5 28. Nh6+ Kg7 29. Qc3 bxc4 30. Rxf7+ Rxf7 31. Rxf7+ Kh8 32. b4 Qd5 33. Rxe7 Rf8 34. Rc7 Qd1+ 35. Kh2 Qf1 36. Qd4 a6 37. Ng4 Rf4 38. Rc8+ Kg7 39. Rc7+ Kh8 40. Nf6 Nf3+ 41. Kg3 1-0

[Event "Police Gniota Memorial 31st"]
[Site "Police"]
[Date "2016.07.09"]
[Round "4"]
[White "Pawlicz, Adam"]
[Black "Maliszewski, Jacek"]
[Result "1-0"]
[WhiteElo "2034"]
[BlackElo "1773"]
[PlyCount "77"]
[EventDate "2016.07.06"]
[EventType "swiss"]
[EventRounds "9"]
[EventCountry "POL"]
[SourceTitle "EXT 2017"]
[Source "ChessBase"]
[SourceDate "2016.10.25"]
[SourceVersion "1"]
[SourceVersionDate "2016.10.25"]
[SourceQuality "1"]

1. e4 c5 2. Nf3 Nc6 3. d4 cxd4 4. Nxd4 g6 5. c4 Bg7 6. Be3 Nf6 7. Nc3 Ng4 8. Qxg4 Nxd4 9. Qd1 Ne6 10. Qd2 d6 11. Bd3 Nc5 12. Bc2 Be6 13. b3 Qa5 14. Bd4 f6 15. 0-0 Bd7 16. a3 Ne6 17. Be3 f5 18. b4 Qe5 19. exf5 gxf5 20. Nd5 Qxa1 21. Rxa1 Bxa1 22. Bxf5 Kf7 23. Qd1 Bf6 24. Qh5+ Kf8 25. Bh6+ Bg7 26. Qh4 Re8 27. Bxe6 Bxe6 28. Nc7 Bf7 29. Nxe8 Bxe8 30. Bxg7+ Kxg7 31. Qxe7+ Bf7 32. Qg5+ Bg6 33. Qe7+ Kh6 34. Qxb7 Re8 35. f3 Bd3 36. Qd5 Re1+ 37. Kf2 Re2+ 38. Kg3 Bg6 39. Qxd6 1-0

[Event "Rewal op-B 18th"]
[Site "Rewal"]
[Date "2013.08.26"]
[Round "6"]
[White "Najdzionek, Boleslaw"]
[Black "Maliszewski, Jacek"]
[Result "1-0"]
[WhiteElo "1911"]
[BlackElo "1747"]
[PlyCount "77"]
[EventDate "2013.08.20"]
[EventType "swiss"]
[EventRounds "9"]
[EventCountry "POL"]
[SourceTitle "CBM 156 Extra"]
[Source "ChessBase"]
[SourceDate "2013.10.22"]
[SourceVersion "1"]
[SourceVersionDate "2013.10.22"]
[SourceQuality "1"]

1. d4 d5 2. c4 c6 3. Nc3 Nf6 4. Nf3 e6 5. Bg5 dxc4 6. a4 Bb4 7. Rc1 b5 8. e3 Qa5 9. Bxf6 gxf6 10. Be2 Bb7 11. 0-0 Bxc3 12. Rxc3 Nd7 13. Qc2 Nb6 14. axb5 cxb5 15. Ra3 Qb4 16. Rfa1 a6 17. Nd2 Ke7 18. Bf3 Bxf3 19. Nxf3 a5 20. b3 a4 21. bxa4 Rxa4 22. Rxa4 Nxa4 23. Rb1 Qa5 24. Qe4 Nc3 25. Qb7+ Kd6 26. Re1 Qc7 27. Qa6+ Qc6 28. Qa3+ Kd7 29. Qxc3 Rg8 30. e4 f5 31. d5 Qc5 32. dxe6+ fxe6 33. exf5 Qxf5 34. Ne5+ Ke7 35. Qb4+ Kf6 36. Qxb5 Rd8 37. Qb2 Rd5 38. Nxc4+ e5 39. Ne3 1-0

[Event "Rewal op-B 18th"]
[Site "Rewal"]
[Date "2013.08.21"]
[Round "2"]
[White "Patola, Eero"]
[Black "Maliszewski, Jacek"]
[Result "1-0"]
[WhiteElo "1947"]
[BlackElo "1747"]
[PlyCount "85"]
[EventDate "2013.08.20"]
[EventType "swiss"]
[EventRounds "9"]
[EventCountry "POL"]
[SourceTitle "CBM 156 Extra"]
[Source "ChessBase"]
[SourceDate "2013.10.22"]
[SourceVersion "1"]
[SourceVersionDate "2013.10.22"]
[SourceQuality "1"]

1. e4 c5 2. c4 e5 3. Nc3 Nf6 4. g3 Nc6 5. Bg2 Be7 6. d3 0-0 7. Nge2 d6 8. 0-0 Bd7 9. h3 h6 10. f4 exf4 11. gxf4 Nh7 12. Nd5 Bf6 13. Nxf6+ Qxf6 14. Rb1 Qh4 15. f5 Ng5 16. Nf4 Ne5 17. Bd2 Qg3 18. Qe2 Nh7 19. Be1 Qg5 20. b4 g6 21. h4 Qd8 22. bxc5 dxc5 23. Nd5 Bc6 24. Bg3 f6 25. fxg6 Nxg6 26. Qg4 Kh8 27. Qxg6 Bxd5 28. cxd5 Rg8 29. Qxh6 Rxg3 30. Rxb7 Qg8 31. Rf2 Rb8 32. Rxb8 Qxb8 33. Rxf6 Rxd3 34. d6 Rd1+ 35. Kh2 c4 36. e5 c3 37. Rf7 Qg8 38. Rf2 Re1 39. Qf4 Qe6 40. Rc2 Rxe5 41. d7 Rd5 42. Bxd5 Qxd5 43. Qb8+ 1-0

[Event "Prague op-A 12th"]
[Site "Prague"]
[Date "2013.01.10"]
[Round "2"]
[White "Maliszewski, Jacek"]
[Black "Plasil, Petr"]
[Result "1-0"]
[WhiteElo "1784"]
[BlackElo "2003"]
[PlyCount "81"]
[EventDate "2013.01.09"]
[EventType "swiss"]
[EventRounds "9"]
[EventCountry "CZE"]
[SourceTitle "CBM 152 Extra"]
[Source "ChessBase"]
[SourceDate "2013.02.25"]
[SourceVersion "1"]
[SourceVersionDate "2013.02.25"]
[SourceQuality "1"]

1. c4 c5 2. Nc3 Nc6 3. Nf3 e5 4. g3 g6 5. Bg2 Bg7 6. d3 d6 7. 0-0 Nge7 8. Bg5 f6 9. Be3 Be6 10. Nd2 Nf5 11. Nd5 Nce7 12. Qa4+ Bd7 13. Qb3 Bc6 14. Ne4 0-0 15. Nec3 Bh6 16. Bxh6 Nxh6 17. e4 Rb8 18. f4 Bxd5 19. cxd5 Qd7 20. Rf3 Nf7 21. Raf1 Kg7 22. Qc2 b5 23. Qf2 Ng8 24. h4 b4 25. Nd1 Qa4 26. b3 Qd7 27. Kh2 Ngh6 28. Bh3 f5 29. Qb2 Ng4+ 30. Kg2 h5 31. Ne3 Kg8 32. exf5 gxf5 33. fxe5 Nfxe5 34. Bxg4 fxg4 35. Rf5 Qh7 36. Rg5+ Ng6 37. Rf6 Rf7 38. Rfxg6+ Kf8 39. Nf5 Rd8 40. Nh6 Rf3 41. Rg8+ 1-0